Public speaking : challenges and choices (Student workbook)
Đã lưu trong:
| 主要作者: | |
|---|---|
| 格式: | 图书 |
| 语言: | Undetermined |
| 出版: |
Oklahoma
Alliance Press
1999
|
| 主题: | |
| 标签: |
添加标签
没有标签, 成为第一个标记此记录!
|
| Thư viện lưu trữ: | Trung tâm Học liệu Trường Đại học Cần Thơ |
|---|
| LEADER | 00576nam a2200193Ia 4500 | ||
|---|---|---|---|
| 001 | CTU_162191 | ||
| 008 | 210402s9999 xx 000 0 und d | ||
| 082 | |a 808.5 | ||
| 082 | |b C874 | ||
| 100 | |a Cowell, Tara L. | ||
| 245 | 0 | |a Public speaking : | |
| 245 | 0 | |b challenges and choices (Student workbook) | |
| 245 | 0 | |c Tara L. Cowell, Theresa M. Bridges | |
| 260 | |a Oklahoma | ||
| 260 | |b Alliance Press | ||
| 260 | |c 1999 | ||
| 650 | |a Public speaking,Nghệ thuật diễn thuyết | ||
| 910 | |a Nguyên | ||
| 980 | |a Trung tâm Học liệu Trường Đại học Cần Thơ | ||